User Interfaces In C (Record no. 20111)

MARC details
000 -LEADER
fixed length control field 00352nam a22001457a 4500
008 - FIXED-LENGTH DATA ELEMENTS--GENERAL INFORMATION
fixed length control field 230913b |||||||| |||| 00| 0 eng d
082 ## - DEWEY DECIMAL CLASSIFICATION NUMBER
Classification number 105.23
100 ## - MAIN ENTRY--AUTHOR NAME
Personal name Mark Goodwin
245 ## - TITLE STATEMENT
Title User Interfaces In C
Statement of responsibility, etc Mark Goodwin
260 ## - PUBLICATION, DISTRIBUTION, ETC. (IMPRINT)
Place of publication Delhi
Name of publisher BPB Publication
Year of publication 1989
300 ## - PHYSICAL DESCRIPTION
Number of Pages 339
650 ## - SUBJECT ADDED ENTRY--TOPICAL TERM
Topical Term BB CSE
700 ## - ADDED ENTRY--PERSONAL NAME
Personal name Mark Goodwin
942 ## - ADDED ENTRY ELEMENTS (KOHA)
Source of classification or shelving scheme Dewey Decimal Classification
Koha item type Books
Holdings
Accession Number Source of acquisition Price effective from Koha item type Withdrawn / writtenoff status Damaged status Not for loan Permanent Location Current Location Shelving location Date acquired Lost/ Missing status department
BB 1134 Donated 09/13/2023 Books       MIET Library, Jammu MIET Library, Jammu BL-Academic Block B, FL-2, CUP-194, SH-2, R-2 09/13/2023   BB